[Event "TQM 2012 - A"]
[Site "?"]
[Date "2012.11.28"]
[Round "5"]
[White "Levnajic, Pavle"]
[Black "Bodiroga, Predrag"]
[Result "1-0"]
[WhiteElo "2210"]
[BlackElo "2391"]
[PlyCount "83"]
[EventDate "2012.??.??"]

1. e4 c6 2. d4 d5 3. e5 Bf5 4. Nc3 a6 5. Nge2 e6 6. Nf4 h6 7. Bd3 Ne7 8. O-O
Qb6 9. Be3 Nd7 10. a3 Bxd3 11. Qxd3 g6 12. b4 Bg7 13. Qd2 Qc7 14. Na4 b6 15.
Nb2 Nf5 16. c4 dxc4 17. Nxc4 O-O 18. Rac1 Rfd8 19. Qe2 h5 20. h3 h4 21. Rfd1
Qb7 22. Qf3 Rab8 23. Qe4 Bf8 24. Kh2 a5 25. bxa5 b5 26. Nd6 Nxd6 27. exd6 Bxd6
28. Kh1 Nf6 29. Qf3 Ne8 30. Rxc6 Bxa3 31. a6 Qd7 32. a7 Ra8 33. d5 Be7 34. Rcc1
e5 35. d6 Bf8 36. Nd5 Qe6 37. Nc7 Nxc7 38. dxc7 Rdc8 39. Rd8 e4 40. Qd1 Kh7 41.
Rxc8 Qxc8 42. Qd5 1-0

[Event "TQM 2012 - A"]
[Site "?"]
[Date "2012.11.24"]
[Round "2"]
[White "Levnajic, Pavle"]
[Black "Besedes, Danilo"]
[Result "1-0"]
[WhiteElo "2210"]
[BlackElo "1858"]
[PlyCount "113"]

1. c4 Nf6 2. Nc3 g6 3. e4 d6 4. d4 Bg7 5. f3 O-O 6. Be3 e5 7. Nge2 Nh5 8. Qd2
f5 9. exf5 gxf5 10. dxe5 Bxe5 11. O-O-O Nc6 12. Bg5 Qe8 13. Nd5 Qf7 14. g3 Be6
15. f4 Bg7 16. Bg2 a5 17. Rhe1 Rfe8 18. Kb1 a4 19. Bf3 a3 20. b3 Rac8 21. Nb4
Nxb4 22. Qxb4 Kh8 23. Qd2 b5 24. Nd4 Bxc4 25. bxc4 Rxe1 26. Rxe1 bxc4 27. Nc6
Nf6 28. Re7 Qg8 29. Rxg7 Qxg7 30. Qd4 Nd7 31. Qxg7+ Kxg7 32. g4 Rf8 33. gxf5
Rxf5 34. Nd4 Ra5 35. Kc2 h6 36. Bd8 Nf6 37. Bxc7 Ra6 38. Bxd6 Rb6 39. Bxa3 Ra6
40. Kb2 Rb6+ 41. Kc3 Ra6 42. Nc2 Kg6 43. Be2 Nd5+ 44. Kxc4 Nxf4 45. Bf1 Rc6+
46. Kb3 Kh5 47. Bb4 Kg4 48. a4 Rc7 49. a5 Nd5 50. Bg2 Nf4 51. Ne3+ Kh4 52. Nd5
Nxd5 53. Bxd5 Ra7 54. Be6 Kg5 55. Ka4 Kf6 56. Bd5 Ke5 57. Bc6 1-0

[Event "TQM 2012 - A"]
[Site "?"]
[Date "2012.11.24"]
[Round "2"]
[White "Bodiroga, Predrag"]
[Black "Strbac, Mladen"]
[Result "1/2-1/2"]
[WhiteElo "2391"]
[BlackElo "2236"]
[PlyCount "101"]

1. Nf3 e6 2. c4 Nf6 3. Nc3 Bb4 4. Qc2 b6 5. a3 Bxc3 6. Qxc3 Bb7 7. e3 O-O 8.
Be2 d5 9. b3 Ne4 10. Qc2 Nd7 11. Bb2 c5 12. O-O Rc8 13. Rac1 Qe7 14. Qb1 Rfd8
15. Qa1 f6 16. Rfd1 Nd6 17. Qb1 Nf8 18. d4 dxc4 19. bxc4 cxd4 20. Nxd4 Be4 21.
Qa2 Nb7 22. a4 Nd7 23. Bg4 Ndc5 24. Ba3 Qe8 25. f3 Bg6 26. a5 f5 27. Bh3 Nxa5
28. Nb5 Nd3 29. Rc3 Nb4 30. Qb1 Rxd1+ 31. Qxd1 Nxc4 32. Nxa7 Rd8 33. Qb3 Nxa3
34. Qxb4 Rd1+ 35. Kf2 Rd2+ 36. Kg3 Nc2 37. Qxb6 Kf7 38. Rc7+ Rd7 39. Rxc2 f4+
40. exf4 Bxc2 41. Nc6 Kg8 42. Ne5 Re7 43. Kf2 Qc8 44. g4 Rb7 45. Qd4 Qc7 46.
Bf1 Qb6 47. Qxb6 Rxb6 48. Bc4 Bb3 49. Bd3 Bd5 50. h4 Rb2+ 51. Kg3 1/2-1/2

[Event "TQM 2012 - A"]
[Site "?"]
[Date "2012.11.24"]
[Round "2"]
[White "Vukic, Radivoj"]
[Black "Jankov, Radislav"]
[Result "1/2-1/2"]
[WhiteElo "2342"]
[BlackElo "2106"]
[PlyCount "52"]

1. d4 Nf6 2. Nf3 d5 3. c4 e6 4. Nc3 c6 5. Bg5 Nbd7 6. cxd5 exd5 7. e3 Be7 8.
Qc2 Nh5 9. Bxe7 Qxe7 10. O-O-O g6 11. e4 dxe4 12. Re1 O-O 13. Rxe4 Qd6 14. Rh4
Ndf6 15. Qd2 Kg7 16. Ne5 Ne8 17. g4 Nhf6 18. g5 Nd5 19. Ne4 Qb4 20. Qxb4 Nxb4
21. Bc4 Nd5 22. Rg1 Be6 23. Bxd5 cxd5 24. Nc5 b6 25. Nxe6+ fxe6 26. Nd3 Nc7
1/2-1/2

[Event "TQM 2012 - A"]
[Site "?"]
[Date "2012.11.24"]
[Round "2"]
[White "Lalic, Dragan"]
[Black "Perisic, Radivoj"]
[Result "0-1"]
[WhiteElo "2287"]
[BlackElo "2313"]
[PlyCount "94"]

1. Nf3 Nf6 2. c4 e6 3. g3 b6 4. Bg2 Bb7 5. O-O Be7 6. b3 d5 7. Bb2 Nbd7 8. Nc3
O-O 9. d4 dxc4 10. bxc4 Ne4 11. Qd3 Nxc3 12. Bxc3 Nf6 13. Ne5 Bxg2 14. Kxg2 Bd6
15. Nc6 Qe8 16. Qf3 Nd7 17. e4 f6 18. h4 a5 19. h5 h6 20. Qg4 f5 21. exf5 Nf6
22. Qf3 Nxh5 23. Rae1 Rxf5 24. Qe4 Nf4+ 25. Kg1 Nh3+ 26. Kg2 Ng5 27. Qxf5 exf5
28. Rxe8+ Rxe8 29. Re1 Rxe1 30. Bxe1 Kf7 31. f3 Ne6 32. Bc3 g5 33. g4 Nf4+ 34.
Kf1 fxg4 35. fxg4 a4 36. Na7 Ke6 37. Nb5 c6 38. Nxd6 Kxd6 39. Kf2 b5 40. Bb4+
Kd7 41. Ke3 bxc4 42. Bf8 h5 43. gxh5 Nxh5 44. Kf3 Ke6 45. Kg4 Nf6+ 46. Kf3 Kf5
47. Bd6 g4+ 0-1

[Event "TQM 2012 - A"]
[Site "?"]
[Date "2012.11.25"]
[Round "3"]
[White "Perisic, Radivoj"]
[Black "Vajdic, Nikola"]
[Result "1-0"]
[WhiteElo "2313"]
[BlackElo "2287"]
[PlyCount "93"]

1. e4 c5 2. Nf3 Nc6 3. d4 cxd4 4. Nxd4 Nf6 5. Nc3 e5 6. Ndb5 d6 7. Bg5 a6 8.
Bxf6 gxf6 9. Na3 b5 10. Nd5 Bg7 11. c3 f5 12. exf5 Bxf5 13. Nc2 O-O 14. Nce3
Be6 15. g3 f5 16. Bh3 Ra7 17. O-O Ne7 18. a4 Nxd5 19. Nxd5 bxa4 20. Rxa4 Qd7
21. Bg2 Qf7 22. Rb4 a5 23. Rb6 Rd8 24. Re1 Kh8 25. Qd2 Rb7 26. Ra6 Rb5 27. c4
Rc5 28. b3 Rb8 29. Rxd6 Bxd5 30. Bxd5 Qc7 31. Be6 e4 32. Rd1 Rf8 33. Qg5 f4 34.
Qg4 e3 35. gxf4 exf2+ 36. Kf1 Qe7 37. Rd7 Qf6 38. Bd5 Rcc8 39. f5 Qh6 40. Be6
Rb8 41. R1d3 Qc1+ 42. Kxf2 Qb2+ 43. Rd2 Qe5 44. Qg3 Qa1 45. c5 Bh6 46. Rxh7+
Kxh7 47. Qg6+ 1-0

[Event "TQM 2012 - A"]
[Site "?"]
[Date "2012.11.25"]
[Round "3"]
[White "Jankov, Radislav"]
[Black "Lalic, Dragan"]
[Result "1/2-1/2"]
[WhiteElo "2106"]
[BlackElo "2287"]
[PlyCount "38"]

1. e4 d6 2. d4 Nf6 3. Nc3 e5 4. Nf3 Nbd7 5. Be2 Be7 6. h3 O-O 7. O-O c6 8. Be3
b5 9. a3 a6 10. Qe1 Qc7 11. dxe5 dxe5 12. Nd2 Nc5 13. f3 Nh5 14. Qf2 Ne6 15.
Nb3 Nef4 16. Rfd1 Bxh3 17. g3 Nxe2+ 18. Nxe2 Be6 19. Qh2 g6 1/2-1/2

[Event "TQM 2012 - A"]
[Site "?"]
[Date "2012.11.25"]
[Round "3"]
[White "Strbac, Mladen"]
[Black "Vukic, Radivoj"]
[Result "1/2-1/2"]
[WhiteElo "2236"]
[BlackElo "2342"]
[PlyCount "68"]
[EventDate "2012.??.??"]

1. e4 c6 2. Nc3 d5 3. Nf3 Bg4 4. Be2 e6 5. d4 Bb4 6. O-O Nf6 7. e5 Nfd7 8. Bg5
Be7 9. Bxe7 Qxe7 10. h3 Bxf3 11. Bxf3 a6 12. Ne2 c5 13. c4 dxc4 14. Bxb7 Ra7
15. Be4 cxd4 16. Qxd4 Qc5 17. f4 O-O 18. Rac1 Rc7 19. Rc2 Qxd4+ 20. Nxd4 Nb6
21. b3 Rfc8 22. Rfc1 N8d7 23. Kf2 Nc5 24. Ke3 f5 25. exf6 gxf6 26. bxc4 e5 27.
fxe5 fxe5 28. Nf5 Nxe4 29. Kxe4 Nxc4 30. Ne3 Nd2+ 31. Kd3 Rd7+ 32. Ke2 Rcd8 33.
Rd1 Ne4 34. Rxd7 Rxd7 1/2-1/2

[Event "TQM 2012 - A"]
[Site "?"]
[Date "2012.11.25"]
[Round "3"]
[White "Besedes, Danilo"]
[Black "Bodiroga, Predrag"]
[Result "1/2-1/2"]
[WhiteElo "1858"]
[BlackElo "2391"]
[PlyCount "162"]
[EventDate "2012.??.??"]

1. d4 Nf6 2. c4 c5 3. d5 e5 4. Nc3 d6 5. e4 Nbd7 6. Nf3 g6 7. Be2 a6 8. a4 b6
9. O-O Be7 10. h3 Nh5 11. g3 O-O 12. Kh2 Kh8 13. Ng1 Ng7 14. f4 h5 15. f5 Bg5
16. Nf3 Be7 17. Qd2 gxf5 18. Qh6+ Kg8 19. exf5 Nxf5 20. Qxh5 Nf6 21. Qg5+ Ng7
22. Qd2 Nh7 23. g4 f5 24. gxf5 Bxf5 25. Bd3 Qd7 26. Qc2 Bxd3 27. Qxd3 Rf5 28.
Bd2 Raf8 29. Ne4 Qe8 30. Ng3 R5f7 31. b3 Kh8 32. Rae1 Qd7 33. Bh6 Bd8 34. Re4
Rg8 35. Rg4 Ne8 36. Rxg8+ Kxg8 37. Qg6+ Ng7 38. Kg2 Nf8 39. Qg4 Qxg4 40. hxg4
Ng6 41. Ne4 Be7 42. Rf2 Ne8 43. Be3 Nf4+ 44. Bxf4 Rxf4 45. Nfd2 Rxg4+ 46. Kf3
Rh4 47. Ke3 Kg7 48. Nf3 Rh3 49. Rh2 Rxh2 50. Nxh2 Kg6 51. Kf3 Ng7 52. Ke3 Nf5+
53. Kd3 Nd4 54. Nd2 Kf5 55. Nhf1 Bh4 56. Ne4 Be7 57. Ned2 Kf4 58. Ne3 Bf8 59.
Ng2+ Kg3 60. Ne3 Kf4 61. Ng2+ Kf5 62. Ne3+ Kg6 63. Nc2 Nf5 64. Ne4 Bh6 65. Ke2
Bf8 66. Kd3 Be7 67. Ne3 Nd4 68. Kc3 Kh5 69. Nc2 Ne2+ 70. Kd2 Nf4 71. Ne1 Kg6
72. Nf3 Kf7 73. Nh2 Ke8 74. Ng4 Kd7 75. Nh6 b5 76. axb5 axb5 77. Nf5 b4 78. Ke3
Ng6 79. Kf3 Nf4 80. Ke3 Ng2+ 81. Kf2 Nf4 1/2-1/2

[Event "TQM 2012 - A"]
[Site "?"]
[Date "2012.11.25"]
[Round "3"]
[White "Ilincic, Zlatko"]
[Black "Levnajic, Pavle"]
[Result "1-0"]
[WhiteElo "2437"]
[BlackElo "2210"]
[PlyCount "89"]
[EventDate "2012.??.??"]

1. d4 Nf6 2. c4 g6 3. g3 c6 4. Bg2 d5 5. cxd5 cxd5 6. Nc3 Bg7 7. Nf3 O-O 8. Ne5
b6 9. O-O Bb7 10. f3 Nfd7 11. f4 Nf6 12. a4 Nc6 13. e3 Rc8 14. Bd2 e6 15. Qe2
Re8 16. g4 Ne4 17. Nxe4 dxe4 18. Bc3 Ne7 19. g5 Bd5 20. Qc2 Nf5 21. Ng4 Bc4 22.
Rfe1 Bd3 23. Qd2 Nd6 24. Nf2 Nc4 25. Qd1 h6 26. gxh6 Bxh6 27. Nxe4 Bxe4 28.
Bxe4 Qh4 29. Qf3 Nd6 30. Bd3 Nf5 31. Re2 Ne7 32. Rg2 Nd5 33. Bd2 Ne7 34. Kh1
Kh7 35. Rg3 Nf5 36. Rh3 Qe7 37. Rg1 Ng7 38. e4 f5 39. Rhg3 Qf7 40. Rxg6 Qxg6
41. Rxg6 Kxg6 42. d5 Kf7 43. dxe6+ Rxe6 44. exf5 Re7 45. Qd5+ 1-0

[Event "TQM 2012 - A"]
[Site "?"]
[Date "2012.11.27"]
[Round "4"]
[White "Bodiroga, Predrag"]
[Black "Ilincic, Zlatko"]
[Result "1/2-1/2"]
[WhiteElo "2391"]
[BlackElo "2437"]
[PlyCount "36"]

1. d4 d5 2. c4 c6 3. Nf3 Nf6 4. e3 Bf5 5. Nc3 e6 6. Bd3 Bxd3 7. Qxd3 Nbd7 8.
O-O Be7 9. Rd1 O-O 10. Bd2 a5 11. b3 Qb8 12. e4 dxe4 13. Nxe4 Rd8 14. Qe2 a4
15. Bc3 Nxe4 16. Qxe4 axb3 17. axb3 Rxa1 18. Rxa1 Nf6 1/2-1/2

[Event "TQM 2012 - A"]
[Site "?"]
[Date "2012.11.27"]
[Round "4"]
[White "Vukic, Radivoj"]
[Black "Besedes, Danilo"]
[Result "1-0"]
[WhiteElo "1858"]
[BlackElo "2342"]
[PlyCount "51"]

1. c4 Nf6 2. Nc3 e5 3. g3 Bb4 4. Bg2 O-O 5. e4 c6 6. Nge2 Re8 7. O-O Na6 8. d4
exd4 9. Qxd4 h6 10. h3 Bc5 11. Qd1 Nc7 12. Nf4 a6 13. Nd3 Bf8 14. e5 Nh7 15. c5
b6 16. cxb6 Ne6 17. Be3 d5 18. exd6 Qxd6 19. Ne4 Qb8 20. Rc1 Rd8 21. Qb3 a5 22.
Rfe1 Nd4 23. Bxd4 Rxd4 24. Rxc6 Bd7 25. Nec5 Bxc6 26. Bxc6 1-0

[Event "TQM 2012 - A"]
[Site "?"]
[Date "2012.11.27"]
[Round "4"]
[White "Perisic, Radivoj"]
[Black "Jankov, Radislav"]
[Result "1-0"]
[WhiteElo "2313"]
[BlackElo "2106"]
[PlyCount "59"]

1. e4 e5 2. Nf3 Nc6 3. Bb5 f5 4. Nc3 fxe4 5. Nxe4 Nf6 6. Qe2 d5 7. Nxf6+ gxf6
8. d4 Bg7 9. dxe5 O-O 10. Bxc6 bxc6 11. e6 Re8 12. Be3 Bxe6 13. Nd4 Bd7 14. Qf3
Qc8 15. O-O Kh8 16. Nb3 Bf5 17. c3 Be4 18. Qf4 Bd3 19. Rfe1 Re4 20. Qf3 Rg4 21.
Nc5 Be4 22. Nxe4 dxe4 23. Qe2 f5 24. f3 exf3 25. Qxf3 Be5 26. Qxc6 Rh4 27. Bf4
Bg7 28. Qxc7 Qg8 29. Re7 Re8 30. Rae1 1-0

[Event "TQM 2012 - A"]
[Site "?"]
[Date "2012.11.27"]
[Round "4"]
[White "Vajdic, Nikola"]
[Black "Levnajic, Pavle"]
[Result "1/2-1/2"]
[WhiteElo "2287"]
[BlackElo "2210"]
[PlyCount "91"]
[EventDate "2012.??.??"]

1. Nf3 Nf6 2. d4 g6 3. c4 Bg7 4. Nc3 O-O 5. e4 d6 6. Be2 e5 7. O-O c6 8. h3
Nbd7 9. dxe5 dxe5 10. Be3 Re8 11. c5 Nh5 12. Bc4 Nf4 13. b4 Qf6 14. Rc1 Nf8 15.
Bxf4 Qxf4 16. Ne2 Qf6 17. Qb3 Be6 18. Rcd1 Rad8 19. Rfe1 a6 20. Nd2 Bh6 21. Nf3
Bg7 22. Nd2 Bh6 23. Nf3 Kg7 24. Bxe6 Nxe6 25. Rxd8 Rxd8 26. Rd1 Nf4 27. Nxf4
Rxd1+ 28. Qxd1 Qxf4 29. Qa1 Kf6 30. Qb1 Bf8 31. Qc2 Bh6 32. Qc4 Kg7 33. Qc3 Kf6
34. Qd3 Qc1+ 35. Kh2 Qb2 36. Kg1 Qa1+ 37. Kh2 Qxa2 38. Qd6+ Qe6 39. Qb8 Kg7 40.
g3 Bc1 41. Kg2 Bb2 42. Qxb7 Bc3 43. Ng5 Qf6 44. Nf3 Qe6 45. Ng5 Qf6 46. Nf3
1/2-1/2

[Event "TQM 2012 - A"]
[Site "?"]
[Date "2012.11.23"]
[Round "1"]
[White "Lalic, Dragan"]
[Black "Vajdic, Nikola"]
[Result "1/2-1/2"]
[WhiteElo "2287"]
[BlackElo "2287"]
[PlyCount "61"]

1. Nf3 d5 2. c4 d4 3. e3 c5 4. b4 f6 5. Bb2 e5 6. bxc5 Nc6 7. exd4 exd4 8. d3
Bxc5 9. Be2 Nge7 10. O-O O-O 11. Nbd2 Nf5 12. Nb3 Be7 13. Nfd2 a5 14. a4 Bb4
15. Bf3 Nfe7 16. h3 Bf5 17. Be4 Bc3 18. Rb1 Nb4 19. Nc5 Qc7 20. Bxf5 Qxc5 21.
Be4 Rad8 22. Ba3 Qc7 23. Nb3 b6 24. Nc1 Rfe8 25. Bxb4 Bxb4 26. Qh5 g6 27. Qb5
Qc5 28. Qxc5 bxc5 29. Ne2 Nc8 30. Nf4 Nb6 31. Nd5 1/2-1/2

[Event "TQM 2012 - A"]
[Site "?"]
[Date "2012.11.23"]
[Round "1"]
[White "Perisic, Radivoj"]
[Black "Vukic, Radivoj"]
[Result "1/2-1/2"]
[WhiteElo "2313"]
[BlackElo "2342"]
[PlyCount "133"]

1. e4 c6 2. d4 d5 3. e5 Bf5 4. c4 e6 5. Nc3 Ne7 6. Nf3 dxc4 7. Bxc4 Nd7 8. O-O
Nb6 9. Be2 h6 10. Be3 Ned5 11. Nd2 Be7 12. Nde4 Nxc3 13. Nxc3 Nd5 14. Bd3 Bxd3
15. Qxd3 O-O 16. f4 f5 17. exf6 Bxf6 18. Rad1 Qd7 19. Ne4 Rad8 20. Bd2 Ne7 21.
Bc3 Nf5 22. Nxf6+ gxf6 23. Qe4 Qd5 24. Qe2 Kh7 25. Rfe1 Rg8 26. g3 Rde8 27. a3
Rg6 28. Qe4 Qxe4 29. Rxe4 Nd6 30. Re2 f5 31. Kg2 h5 32. Kf3 Kg8 33. Bb4 Ne4 34.
Rde1 Rd8 35. Rxe4 fxe4+ 36. Rxe4 Kf7 37. Bc5 b6 38. Bb4 a5 39. Bc3 Rd5 40. Re2
Rg8 41. Ke4 h4 42. Rg2 h3 43. Rg1 Kg6 44. g4 Rh8 45. Rg3 Rh7 46. Rg1 Rhd7 47.
Rg3 b5 48. f5+ exf5+ 49. gxf5+ Kf6 50. Rg6+ Kf7 51. b3 b4 52. axb4 axb4 53. Bb2
Rxf5 54. Rxc6 Rf2 55. Bc1 Rxh2 56. Bf4 Rb2 57. Rh6 Rxb3 58. Rh7+ Ke8 59. Rh8+
Ke7 60. Rh7+ Kd8 61. Rh8+ Ke7 62. d5 Kf7 63. Rh7+ Ke8 64. Rh8+ Kf7 65. Rh7+ Ke8
66. Rh8+ Kf7 67. Rh7+ 1/2-1/2

[Event "TQM 2012 - A"]
[Site "?"]
[Date "2012.11.23"]
[Round "1"]
[White "Strbac, Mladen"]
[Black "Levnajic, Pavle"]
[Result "0-1"]
[WhiteElo "2236"]
[BlackElo "2210"]
[PlyCount "92"]

1. e4 c5 2. Nf3 Nc6 3. Bb5 g6 4. O-O Bg7 5. Re1 Nf6 6. Qe2 O-O 7. e5 Ne8 8. d3
Nc7 9. Bxc6 dxc6 10. h3 Ne6 11. c3 b6 12. Na3 Ba6 13. c4 Qd7 14. Be3 Qc7 15.
Bd2 Rad8 16. Rad1 Bc8 17. Nc2 Rfe8 18. Ng5 h6 19. Nxe6 Bxe6 20. Bc3 Qc8 21. Kh2
h5 22. Qe3 Kh7 23. a4 Rh8 24. b3 Bf5 25. Re2 Qe6 26. Ne1 Bh6 27. f4 Rb8 28. Nf3
b5 29. axb5 cxb5 30. Qxc5 Bxf4+ 31. g3 Bh6 32. Nd4 Qc8 33. Qxc8 Rhxc8 34. Nxb5
Rxb5 35. b4 Rb7 36. c5 a5 37. bxa5 Rxc5 38. a6 Rxc3 39. axb7 Rb3 40. d4 e6 41.
d5 exd5 42. Rxd5 Rxb7 43. Rd4 Be6 44. g4 hxg4 45. hxg4 Bg5 46. Kg2 Kg7 0-1

[Event "TQM 2012 - A"]
[Site "?"]
[Date "2012.11.23"]
[Round "1"]
[White "Besedes, Danilo"]
[Black "Ilincic, Zlatko"]
[Result "0-1"]
[WhiteElo "1858"]
[BlackElo "2437"]
[PlyCount "132"]
[EventDate "2012.??.??"]

1. d4 Nf6 2. c4 e6 3. Nf3 Bb4+ 4. Nbd2 O-O 5. a3 Bxd2+ 6. Qxd2 b6 7. b4 Bb7 8.
e3 d6 9. Bb2 Nbd7 10. Bd3 Qe7 11. O-O e5 12. dxe5 dxe5 13. Bf5 e4 14. Nd4 Ne5
15. Qc2 Nd3 16. Ne2 Nxb2 17. Qxb2 Rfd8 18. Rfd1 a5 19. Rxd8+ Qxd8 20. Rc1 axb4
21. axb4 Qd3 22. Nd4 h5 23. h4 Bc8 24. Bxc8 Rxc8 25. c5 bxc5 26. bxc5 Rd8 27.
Nc6 Qd2 28. Qxd2 Rxd2 29. Ne5 Kf8 30. Nc4 Ra2 31. Ne5 Ke7 32. Rd1 Ke6 33. Nc6
Ng4 34. Nd8+ Kf6 35. g3 Rxf2 36. Rd7 Kg6 37. Rxc7 Rf3 38. c6 Rxg3+ 39. Kh1 Ne5
40. Kh2 Rxe3 41. Re7 Kf6 42. Rb7 Rc3 43. c7 Kf5 44. Nxf7 Nxf7 45. c8=Q+ Rxc8
46. Rxf7+ Kg4 47. Rxg7+ Kxh4 48. Re7 Rc2+ 49. Kg1 Kg3 50. Rg7+ Kf3 51. Rf7+ Ke3
52. Rh7 Rc5 53. Kf1 Rf5+ 54. Ke1 Kf3 55. Rh6 e3 56. Rh7 e2 57. Rc7 Re5 58. Rf7+
Kg3 59. Rg7+ Kh3 60. Rg6 h4 61. Rg7 Kh2 62. Rg4 h3 63. Rg6 Re3 64. Rg5 Rg3 65.
Re5 Kg1 66. Kxe2 h2 0-1

[Event "TQM 2012 - A"]
[Site "?"]
[Date "2012.11.28"]
[Round "5"]
[White "Besedes, Danilo"]
[Black "Lalic, Dragan"]
[Result "0-1"]
[WhiteElo "1858"]
[BlackElo "2287"]
[PlyCount "36"]

1. d4 f5 2. c4 e6 3. Nf3 Nf6 4. g3 d6 5. Bg2 Be7 6. O-O O-O 7. b3 Qe8 8. Nbd2
Qh5 9. Qc2 Nc6 10. e4 e5 11. dxe5 dxe5 12. Bb2 f4 13. a3 Bh3 14. Bxh3 Qxh3 15.
Bxe5 Ng4 16. Bb2 fxg3 17. hxg3 Bc5 18. Qd3 Rfd8 0-1

[Event "TQM 2012 - A"]
[Site "?"]
[Date "2012.11.28"]
[Round "5"]
[White "Strbac, Mladen"]
[Black "Perisic, Radivoj"]
[Result "1-0"]
[WhiteElo "2236"]
[BlackElo "2313"]
[PlyCount "76"]

1. e4 c5 2. Nf3 e6 3. d4 cxd4 4. Nxd4 a6 5. Bd3 Qc7 6. O-O Nf6 7. Qe2 d6 8. c4
Nc6 9. Nxc6 bxc6 10. Nc3 Be7 11. b3 Nd7 12. f4 Bf6 13. Bb2 Bd4+ 14. Kh1 c5 15.
Rae1 Qa5 16. Qc2 Bb7 17. e5 dxe5 18. fxe5 Qc7 19. Be4 Bxc3 20. Bxc3 Bxe4 21.
Qxe4 O-O 22. Rf3 Rfd8 23. Ref1 Nf8 24. h4 Ra7 25. h5 h6 26. Qg4 Nh7 27. Rxf7
Qxf7 28. Rxf7 Rxf7 29. Qxe6 Ng5 30. Qg6 Re8 31. a3 a5 32. Qc6 Ref8 33. Bd2 Rf1+
34. Kh2 R8f5 35. Qe8+ Rf8 36. Qg6 R8f5 37. e6 Re5 38. Bxg5 Rxg5 1-0

[Event "TQM 2012 - A"]
[Site "?"]
[Date "2012.11.28"]
[Round "5"]
[White "Ilincic, Zlatko"]
[Black "Vukic, Radivoj"]
[Result "1/2-1/2"]
[WhiteElo "2437"]
[BlackElo "2342"]
[PlyCount "25"]

1. d4 d5 2. c4 c6 3. Nf3 Nf6 4. Nc3 a6 5. e3 e6 6. a3 dxc4 7. Bxc4 b5 8. Bd3 c5
9. dxc5 Bxc5 10. b4 Be7 11. Bb2 Bb7 12. O-O Nbd7 13. Qe2 1/2-1/2

[Event "TQM 2012 - A"]
[Site "?"]
[Date "2012.11.28"]
[Round "5"]
[White "Jankov, Radislav"]
[Black "Vajdic, Nikola"]
[Result "1-0"]
[WhiteElo "2106"]
[BlackElo "2287"]
[PlyCount "161"]

1. e4 c5 2. Nf3 Nc6 3. d4 cxd4 4. Nxd4 Nf6 5. Nxc6 bxc6 6. Bd3 e5 7. O-O Be7 8.
c4 O-O 9. Nc3 d6 10. Qe2 Be6 11. h3 Nd7 12. b3 Re8 13. Be3 Bg5 14. Rfd1 Bxe3
15. Qxe3 Qe7 16. Rd2 Nf6 17. Be2 Red8 18. Rad1 Rd7 19. Bf3 h6 20. Kh2 Qd8 21.
g3 Qc7 22. Bg2 Ne8 23. f4 f6 24. f5 Bf7 25. g4 Kh7 26. h4 g5 27. hxg5 fxg5 28.
Rh1 Nf6 29. Kg1 Qb6 30. Qxb6 axb6 31. Bf3 d5 32. exd5 cxd5 33. Bxd5 Bxd5 34.
cxd5 Rc8 35. Rh3 Kg7 36. Rg3 b5 37. Re2 b4 38. Ne4 Nxd5 39. Rd2 Nf6 40. Rxd7+
Nxd7 41. Rd3 Rc1+ 42. Kf2 Nc5 43. Nxc5 Rxc5 44. Ke3 Rc3 45. a4 Rc6 46. Ke4 Kf6
47. Rh3 Kg7 48. Kxe5 Rc3 49. Rh1 Re3+ 50. Kd4 Rxb3 51. Kc4 Ra3 52. Kxb4 Rg3 53.
a5 Rxg4+ 54. Kb5 Rf4 55. Rc1 Rxf5+ 56. Rc5 Rf1 57. a6 Rb1+ 58. Kc6 Ra1 59. Kb6
g4 60. Ra5 Rb1+ 61. Kc7 Rc1+ 62. Kd6 Rd1+ 63. Kc7 Re1 64. Kd6 g3 65. a7 g2 66.
a8=Q g1=Q 67. Ra7+ Kg6 68. Qg8+ Kh5 69. Ra5+ Kh4 70. Qd8+ Kg3 71. Ra3+ Kg4 72.
Qd7+ Kf4 73. Qf7+ Kg5 74. Ra5+ Kg4 75. Qh5+ Kg3 76. Ra3+ Re3 77. Qg6+ Kf4 78.
Qxh6+ Kf3 79. Qh3+ Kf4 80. Ra4+ Re4 81. Qh4+ 1-0

[Event "TQM 2012 - A"]
[Site "?"]
[Date "2012.11.24"]
[Round "2"]
[White "Vajdic, Nikola"]
[Black "Ilincic, Zlatko"]
[Result "0-1"]
[WhiteElo "2287"]
[BlackElo "2437"]
[PlyCount "100"]
[EventDate "2012.??.??"]

1. Nf3 Nf6 2. d4 e6 3. c4 Bb4+ 4. Nbd2 O-O 5. g3 d5 6. Qc2 dxc4 7. Qxc4 a5 8.
Bg2 Nc6 9. a3 Bd6 10. e4 e5 11. dxe5 Nxe5 12. Nxe5 Bxe5 13. Nf3 Nd7 14. O-O Bf6
15. Bf4 c6 16. e5 Nb6 17. Qc2 Be7 18. Rad1 Nd5 19. Rfe1 Bg4 20. h3 Be6 21. Bc1
Qd7 22. Kh2 Rfe8 23. Nd4 g6 24. f4 Bf8 25. g4 Qd8 26. f5 Bd7 27. e6 fxe6 28.
fxg6 Bd6+ 29. Kh1 Qf6 30. gxh7+ Kh8 31. Nf3 Qg7 32. Ng5 Re7 33. b3 Bf4 34. Bxd5
Bxg5 35. Bxg5 Qxg5 36. Be4 e5 37. Qf2 Be6 38. Re3 Qf4 39. Qe2 Bd5 40. Rf1 Qh6
41. Kh2 Bxe4 42. Rxe4 Rae8 43. Rf5 Rxh7 44. Qf3 Qd2+ 45. Kg3 Qd6 46. g5 Kg8 47.
h4 Qxa3 48. h5 Rd7 49. Rf6 Rg7 50. g6 Qc1 0-1

[Event "TQM 2012 - A"]
[Site "?"]
[Date "2012.11.29"]
[Round "6"]
[White "Perisic, Radivoj"]
[Black "Besedes, Danilo"]
[Result "1/2-1/2"]
[WhiteElo "1858"]
[BlackElo "2313"]
[PlyCount "76"]
[EventDate "2012.??.??"]

1. c4 Nf6 2. Nc3 e5 3. Nf3 Nc6 4. g3 Nd4 5. Bg2 Nxf3+ 6. Bxf3 Bb4 7. Qb3 Bxc3
8. Qxc3 d6 9. O-O O-O 10. Bg2 h6 11. d3 c6 12. b4 Re8 13. Bb2 d5 14. e3 Bf5 15.
Rfd1 Qd7 16. Rac1 Rac8 17. Qb3 d4 18. e4 Bh3 19. Rf1 h5 20. f3 h4 21. Qc2 hxg3
22. hxg3 Nh5 23. Kh2 Bxg2 24. Kxg2 g6 25. Rh1 Kg7 26. Rh4 Rh8 27. Rch1 Qe7 28.
Qd2 Rh7 29. Kf2 Rch8 30. c5 Nf6 31. Rxh7+ Rxh7 32. Rxh7+ Nxh7 33. Bc1 Qe6 34.
Kg2 g5 35. Qc2 a6 36. Qf2 f6 37. Kh2 Nf8 38. Qe2 Ng6 1/2-1/2

[Event "TQM 2012 - A"]
[Site "?"]
[Date "2012.11.29"]
[Round "6"]
[White "Vukic, Radivoj"]
[Black "Levnajic, Pavle"]
[Result "1/2-1/2"]
[WhiteElo "2342"]
[BlackElo "2210"]
[PlyCount "101"]
[EventDate "2012.??.??"]

1. Nf3 g6 2. d4 Nf6 3. c4 Bg7 4. Nc3 d5 5. cxd5 Nxd5 6. e4 Nxc3 7. bxc3 O-O 8.
Be3 c5 9. Qd2 Qa5 10. Rc1 Na6 11. Bxa6 cxd4 12. cxd4 Qxa6 13. Qe2 Qa5+ 14. Qd2
Qa6 15. Qe2 Qe6 16. Ng5 Qd6 17. d5 Bd7 18. O-O Rfc8 19. f4 Qb4 20. Rb1 Qa4 21.
Rxb7 Rc2 22. Qf3 h6 23. Nh3 Bxh3 24. Qxh3 Rc3 25. e5 Qe4 26. Rb3 Rxb3 27. axb3
Qxd5 28. Qf3 Qxf3 29. Rxf3 e6 30. Kf1 Bf8 31. Ke2 Bb4 32. g4 a5 33. f5 exf5 34.
gxf5 Re8 35. fxg6 fxg6 36. Bd4 Rf8 37. e6 Rxf3 38. Kxf3 Kf8 39. Ke4 Ke7 40. Kd5
g5 41. h3 h5 42. Be5 Bd2 43. Bd6+ Kf6 44. e7 Kf7 45. Ke4 g4 46. hxg4 hxg4 47.
Kf5 g3 48. Bxg3 Kxe7 49. Ke5 Kd7 50. Kd5 Bb4 51. Bf2 1/2-1/2

[Event "TQM 2012 - A"]
[Site "?"]
[Date "2012.11.29"]
[Round "6"]
[White "Jankov, Radislav"]
[Black "Strbac, Mladen"]
[Result "0-1"]
[WhiteElo "2106"]
[BlackElo "2236"]
[PlyCount "51"]
[EventDate "2012.??.??"]

1. e4 e5 2. f4 exf4 3. Bc4 Qh4+ 4. Kf1 g5 5. Nf3 Qh5 6. d4 Bg7 7. Nc3 Ne7 8. e5
Nbc6 9. Ne4 h6 10. c3 d5 11. exd6 Bf5 12. Bd3 Qg6 13. Qe2 Bxe4 14. Bxe4 Qxd6
15. h3 O-O-O 16. Qb5 Rhf8 17. Nd2 Qe6 18. Bf3 a6 19. Qa4 Nf5 20. Ne4 Bxd4 21.
cxd4 Rxd4 22. Qa3 Rfd8 23. Kf2 Rxe4 24. Bxe4 Qxe4 25. Re1 Qd4+ 26. Kf3 0-1

[Event "TQM 2012 - A"]
[Site "?"]
[Date "2012.11.29"]
[Round "6"]
[White "Vajdic, Nikola"]
[Black "Bodiroga, Predrag"]
[Result "0-1"]
[WhiteElo "2287"]
[BlackElo "2391"]
[PlyCount "103"]

1. Nf3 Nf6 2. d4 e6 3. c4 b6 4. g3 Ba6 5. Qc2 Bb4+ 6. Bd2 Be7 7. Bg2 c6 8. Bf4
O-O 9. Nbd2 Nh5 10. O-O Nxf4 11. gxf4 d6 12. b4 Bb7 13. b5 g6 14. Qe4 Qc7 15.
bxc6 Nxc6 16. d5 Nb4 17. Qb1 Na6 18. Qb5 Nc5 19. Ng5 e5 20. Nh3 exf4 21. Nf3
Bf6 22. Rac1 Be5 23. Rfd1 Rad8 24. Nd4 Bc8 25. Ng5 Bxd4 26. Rxd4 Qe7 27. Ne4
Qe5 28. Rcd1 Bd7 29. Qb2 Ba4 30. R1d2 Rc8 31. Qa3 Bd7 32. Qxa7 Bf5 33. Nc3 Ra8
34. Qc7 Rfc8 35. Qxb6 Rcb8 36. Qc6 Ra6 37. Nb5 Rxc6 38. dxc6 Ne4 39. c7 Rc8 40.
Bxe4 Bxe4 41. f3 Qg5+ 42. Kf1 Bf5 43. Rd1 Qh4 44. e4 Bh3+ 45. Ke2 Qg5 46. R1d3
Qc5 47. Rxd6 Rxc7 48. Nxc7 Qxc7 49. R3d4 Be6 50. e5 Bxc4+ 51. Kd2 Bxa2 52. Rxf4
0-1